Normal view
MARC view
- فلسطين- حدود، سوريا- حدود، لبنان- حدود، فلسطين- علاقات خارجية سياسة وخكومة
Entry Topical Term
001 - CONTROL NUMBER
- control field: 20264
003 - CONTROL NUMBER IDENTIFIER
- control field: JO-AjAnu
005 - DATE AND TIME OF LATEST TRANSACTION
- control field: 20230606073528.0
008 - FIXED-LENGTH DATA ELEMENTS
- fixed length control field: 230606|| aca||aabn | a|a d
040 ## - CATALOGING SOURCE
- Original cataloging agency: JO-AjAnu
- Transcribing agency: JO-AjAnu
150 ## - HEADING--TOPICAL TERM
- Topical term or geographic name entry element: فلسطين- حدود، سوريا- حدود، لبنان- حدود، فلسطين- علاقات خارجية سياسة وخكومة
670 ## - SOURCE DATA FOUND
- Source citation: Work cat.: (JO-AjAnu)10404: تاليف عبد الكريم، ابراهيم, author 20263, حدود فلسطين مع سورية ولبنان